01265nam a2200361 i 450000100060000000300080000600500170001400600190003100700150005000800410006502000180010603500220012404000310014605000230017708000170020008200130021710000350023024500530026526400460031830000250036433600310038933700330042033800430045349000120049658800830050859001620059165000120075365500270076579700180079283000130081085600630082399900170088639809FINmELB20241216221827.0m o u cr cn|||||||||230314s2021 cl o 000 0 spa d z9788418982415 a(OCoLC)1377206297 aFINmELBbspaerdacFINmELB 4aPQ6252b.M378 2021 a821.134.2-3104aE8632231 aMartín, Juan Manuel,eautor.13aLa casa de Sunset Place /cJuan Manuel Martín. 1aSantiago de Chile :bRIL editores,c2021. a1 recurso en línea atextobtxt2rdacontent/spa acomputadorabc2rdamedia/spa arecurso en líneabcr2rdacarrier/spa1 a#Novela aDescripción basada en metadatos suministrados por el editor y otras fuentes. aRecurso electrónico. Santa Fe, Arg.: elibro, 2023. Disponible vía World Wide Web. El acceso puede estar limitado para las bibliotecas afiliadas a elibro. 4aNovela. 4aLibros electrónicos.2 aelibro, Corp. 0a#Novela.40uhttps://elibro.net/ereader/politecnicointernacional/225550 c39809d39809